000 00432nam a2200145 i 4500
001 57965
003 ES-MaACL
007 t|
008 031020s1919 fr ||||1| fre d
100 1 _aDumas, Georges.
_945987
245 1 0 _aTroubles mentaux et troubles nerveux de guerre /
_cpar Georges Dumas.
260 _aParís :
_b[s.n.,
_c1919] (
_eSaint-Amand, Cher :
_fBussière)
300 _a228 p. ;
_c19 cm.
852 _aES-MaACL
_jB-6805
999 _c57965
_d57965